000
00213 a2200097 4500
001
28402
100
_a
Ness, H C V
245
_a
Understanding thermodynamics
260
_a
_b
McGraw-Hill
_c
090
_c
19008
_d
19008
942
_a
NUST-CAE
_c
M
_c
10012
999
_c
263475
_d
263475